The dynamics of Christian mission : (Record no. 54722)

MARC details
000 -LEADER
fixed length control field 00856nam a22001937a 4500
008 - FIXED-LENGTH DATA ELEMENTS--GENERAL INFORMATION
fixed length control field 190815b ||||| |||| 00| 0 eng d
020 ## - INTERNATIONAL STANDARD BOOK NUMBER
International Standard Book Number 9780865850064 (pbk.)
020 ## - INTERNATIONAL STANDARD BOOK NUMBER
International Standard Book Number 0865850062 (pbk.)
050 ## - LIBRARY OF CONGRESS CALL NUMBER
Classification number BV2063
Item number .P49 2009
100 ## - MAIN ENTRY--PERSONAL NAME
Personal name Pierson, Paul Everett.
245 ## - TITLE STATEMENT
Title The dynamics of Christian mission :
Remainder of title history through a missiological perspective /
Statement of responsibility, etc Paul E. Pierson.
260 ## - PUBLICATION, DISTRIBUTION, ETC. (IMPRINT)
Place of publication, distribution, etc Pasadena, Calif. :
Name of publisher, distributor, etc William Carey International University Press,
Date of publication, distribution, etc 2009.
300 ## - PHYSICAL DESCRIPTION
Extent 364 p. ;
Dimensions 25 cm.
500 ## - GENERAL NOTE
General note "This book is composed of edited transcriptions from lectures and study materials prepared by Paul E. Pierson, Ph.D., at Fuller Theological Seminary, School of World Mission" - T.p. verso.
650 ## - SUBJECT ADDED ENTRY--TOPICAL TERM
Topical term or geographic name as entry element Missions
General subdivision History.
650 ## - SUBJECT ADDED ENTRY--TOPICAL TERM
Topical term or geographic name as entry element Christian sociology
General subdivision History.
650 ## - SUBJECT ADDED ENTRY--TOPICAL TERM
Topical term or geographic name as entry element Christianity and culture.
942 ## - ADDED ENTRY ELEMENTS (KOHA)
Source of classification or shelving scheme Library of Congress Classification
Item type Book
Holdings
Withdrawn status Lost status Source of classification or shelving scheme Damaged status Not for loan Collection code Home library Current library Shelving location Date acquired Source of acquisition Cost, normal purchase price Full call number Barcode Copy number Price effective from Koha item type
    Library of Congress Classification     Non-fiction Joshua & Timothy School of Theology Library (JTSOT) Joshua & Timothy School of Theology Library (JTSOT) General Circulation 15/08/2019 Donations - TBN 2000.00 BV2063 .P49 2009 062274 1 15/08/2019 Book